| 000 | 00671nam a2200229 a 4500 | ||
|---|---|---|---|
| 001 | BRCA_5663 | ||
| 005 | 20190320205155.0 | ||
| 008 | 220211s1929----fr-a######---#000-0#fre-# | ||
| 041 | _afre | ||
| 044 | _afr | ||
| 050 | 4 |
_aNK1860 _b.G73 1 1929 |
|
| 245 | 1 | 0 | _aLe style Louis XIII. |
| 260 |
_aParís _bFlammarion _c1929 |
||
| 300 |
_a63 p. (v.6) _bil., 18 láminas _c22 cm. |
||
| 440 | 0 |
_aLa grammaire des styles _v6 _914388 |
|
| 500 | _aVer también F135 (v.7), F136 (v.8), F137 (v.16), F138 (v.5) y F139 (v.4) | ||
| 500 | _aF134 | ||
| 650 | 1 | 4 |
_aDecoración y ornamentación _zFrancia _914389 |
| 700 | 1 |
_aMartin, Henry _eed. _914390 |
|
| 902 | _aGFM | ||
| 942 |
_2lcc _cB |
||
| 999 |
_c5356 _d5356 |
||